Statistiques concernant Culture Générale - Série 970

Cliquez ici pour prendre le quiz!

Statistiques générales

  • Ce quiz a été pris 117 fois
  • Le résultat moyen est 7 sur 10

Statistiques - réponses

QuestionRéponse% Correct
Quel est le prénom de la Gitane, dont Quasimodo est amoureux dans le roman : "Notre-Dame de Paris" de Victor Hugo ?Esméralda
94%
Selon le proverbe, "qui peut le plus peut le...moins
94%
Quel type d'accessoire vestimentaire est le tricorne ?chapeau
91%
Dans la bande dessinée créée par Morris, quel est le nom du cheval de Lucky Luke ?Jolly Jumper
89%
Combien le drapeau chinois comporte-t-il d'étoiles ?cinq
86%
Le tissu de laine, à lignes fines croisées de plusieurs tons d'une même couleur, est appelé "prince de...Galles
68%
En 1976, dans "Le Petit Rapporteur", quel comédien et humoriste nous a fait découvrir la ville de Montcuq ?Daniel Prévost
51%
Quelle liqueur italienne tire son nom de l'amande amère, qui lui donne son goût ?amaretto
46%
L'opéra-ballet de Jean-Philippe Rameau, créé à Paris en 1735, s'intitule "Les Indes...galantes
28%
En 1955, Jean Gabin a joué dans le film "Razzia sur la...chnouf
27%

Distribution des résultats

Percentile par nombre de réponses

% des personnes avec chaque résultat

Votre développement - résultats

Vous n’avez pas pris ce quiz